| 000 | 01968cam a22004574i 4500 | ||
|---|---|---|---|
| 003 | PE-LiUPU | ||
| 005 | 20250731173151.0 | ||
| 008 | 150623s r 000 0 d | ||
| 020 | _a0684870592 | ||
| 035 | _a(Sirsi) i9780684870595 | ||
| 040 |
_aPE-LiUPU _bspa _cPE-LiUPU _erda |
||
| 049 | _aPRUA | ||
| 082 | 0 | 4 |
_a215 _bS31 _221 |
| 100 | 1 |
_aSchroeder, Gerald L., _eautor. |
|
| 245 | 1 | 4 |
_aThe hidden face of God : _bhow sciencience reveals the ultimate truth / _cGerald L. Schroeder. |
| 264 | 1 |
_aNew York, NY : _bThe Free Press, _c2001. |
|
| 300 |
_a224 páginas : _bilustraciones, gráficos ; _c24 centímetros |
||
| 336 |
_atext _2rdacontent |
||
| 337 |
_aunmediated _2rdamedia |
||
| 338 |
_avolume _2rdacarrier |
||
| 505 | 0 | _aThe puzzle of existence: an overview. Physics and metaphysics. The workings of the universe: the physics of metaphysics. The orderly cells of life. Meiosis and the making of a human: a study in shared fidelity. Nerves: nature's information network. The brain behind the mind. The picture in our mind. Thinking about thinking: tapping into the conscious mind of the universe. Illusions: games the brain plays with the mind. Reading between the lines: what does it all men?. | |
| 526 | _aSEG42 | ||
| 526 | _aSEG41 | ||
| 526 | _aSEG40 | ||
| 526 | _aSEG39 | ||
| 526 | _aP94 | ||
| 526 | _aP87 | ||
| 526 | _aP86 | ||
| 526 | _aP85 | ||
| 526 | _aP77 | ||
| 526 | _aP76 | ||
| 526 | _aP35 | ||
| 650 | 0 | 4 |
_aExistencia de Dios. _92349 |
| 650 | 0 | 4 | _aReligión y ciencia. |
| 942 |
_2ddc _cBOOK |
||
| 949 |
_a215 S31 _wDEWEY _c1 _i53466 _lCCODEBUL1 _mBUL _p27.00 _r0 _sY _tBOOK _u2015-6-24 _xTEOLOGIA _PP35 _0COMPRA _o.STAFF. Colección General |
||
| 994 |
_aC0 _bPEPRU |
||
| 596 | _a1 | ||
| 999 |
_a215 S31 _wDEWEY _c35440 _i53466 _d35440 _e2019-10-20 _f2021-11-9 _g4 _lCCODEBUL1 _mBUL _n2 _p27.00 _r0 _sY _tBOOK _u2015-6-24 _xTEOLOGIA _PP35 _0COMPRA _o.STAFF. Colección General |
||
| 980 |
_81 _gALBERTO SANCHEZ Responsable de Automatización |
||